1448 1075 1262 1680 1271 1738 1943 1669 1952 1688 1650 1470 1205 1198 1641 1964 1517 1474 1204 1344 1572 1120 1914 1218 1455 1196 1291 1352 1535 1777 1044 1265 1779 1340 1894 1459 1767 1982 1367 1544 1105 1928 1408 1894 1831 1120 1410 1435 1125 1172 1461 1486 1209 1907 1666 1399 1192 1168 1607 1544 1731 1311 1049 1330 1523 1194 1133 1211 1147 1921 1569 1584 1647 1362 1814 1690 1570 1686 1749 1794 1519 1255 1668 1996 1584 1628 1235 1915 1965 1134 1182 1322 1826 1371 1024 1846 1153 1195 1567 BCNSPRNW ULIB Ver.6.0+V

เปลี่ยนเป็นภาษาไทย

Change to English
 แสดงรายละเอียดบรรณานุกรม
  กลับหน้าหลัก

Brief Record : Get Marc (ISO 2709) : E-mail record : QR code < ปิดหน้าต่าง
LEADER : 00000nam 2200000uu 4500
001    13399124507
003     ULIB
008    150817s2556 th a 000 0 tha d
020    9789749804244
020    9789749804247
090    นว.^bล158ม ล.7
100    ล่อร่า อิงกัลล์ส์ ไวล์เดอร์;^eผู้แต่ง
245    เมืองเล็กในทุ่งกว้าง/^cล่อร่า อิงกัลล์ส์ ไวล์เดอร์. ; เขียน ,สุคนธรส. ; แปล
250    พิมพ์ครั้งที่ 8
260    กรุงเทพฯ :^bแพรวเยาวชน,^c2556
300    308 หน้า;^b18.5 ซม.
500    หนังสือชุดบ้านเล็ก
700    สุคนธรส ;^eแปล
945    ^p220^l0^i039778
999    ^aทศพร
รายการนี้ยังไม่มีแท็ก
คุณยังไม่ได้ล็อกอิน คุณสามารถมีกิจกรรมร่วมกับเว็บไซต์ได้ แต่ต้องล็อกอินก่อน ::
  ล็อกอิน

รายการสื่อสารสนเทศ

ลำดับที่ ประเภท เลขเรียก/บาร์โค้ด สถานที่ สถานะ
1. นวนิยาย
นวนิยาย
นว. ล158ม ล.7 ฉ.1 
  Barcode: 039778
ห้องสมุดวิทยาเขตสวรรค์ประชารักษ์
►นวนิยาย
บนชั้น
  ขอยืม

BibComment


ยังไม่เคยถูกคอมเมนท์

คอมเมนท์ทรัพยากรรายการนี้
  คอมเมนท์: เมืองเล็กในทุ่งกว..


 Copyright 2026. Bcnsprnw @Library